| 000 | 00574nam a2200193Ia 4500 | ||
|---|---|---|---|
| 003 | GCL | ||
| 008 | 140319s9999 xx 000 0 ara d | ||
| 040 |
_aGCL / _cGCL |
||
| 082 | 0 | 4 |
_aد _b050 |
| 100 | 1 | _aاحمد مختار البرزة | |
| 245 | 1 | 0 |
_aالانسان والمرض (اقرا 227) / _cاحمد مختار البرزة |
| 700 | 1 | _aاحمد مختار | |
| 300 | _a126 ص | ||
| 490 |
_aوثائق ونصوص _v0 |
||
| 650 | 0 | 4 | _aالامراض |
| 650 | 0 | 4 | _aالكيمياء الفسيولوجية |
| 650 | 0 | 4 | _aتشخيص الامراض |
| 942 |
_2ddc _cCF |
||
| 999 |
_c27243 _d27243 |
||